|
|
|
|
| LEADER |
00887pam a22002298a 4500 |
| 001 |
00000787 |
| 005 |
20171026081022.0 |
| 008 |
110323s2004 ||||||Viesd |
| 020 |
|
|
|c 80000
|
| 100 |
0 |
# |
|a Vie
|
| 110 |
# |
# |
|a 347.597
|b M125S
|
| 111 |
# |
# |
|a Lê Văn In
|
| 242 |
2 |
1 |
|a Mẫu soạn thảo văn bản
|b Sách tham khảo:Dùng cho các cỏ quan Chính quyền địa phương, đơn vị hành chính sự nghiệp, tổ chức kinh tế
|c Lê Văn In
|
| 246 |
2 |
1 |
|a H
|b Chính trị quốc gia
|c 2004
|
| 250 |
# |
# |
|a 836 tr.
|c 21 cm.
|
| 250 |
# |
# |
|a Xuất bản lần thứ 5
|
| 490 |
0 |
# |
|b Kho đọc
|j KD.0000784
|
| 650 |
# |
4 |
|a Mẫu soạn thảo văn bản
|
| 653 |
# |
# |
|a Văn bản pháp quy
|a Văn bản
|
| 852 |
# |
# |
|j KD.0000784
|
| 910 |
|
|
|d 23/03/2011
|
| 980 |
# |
# |
|a Trung tâm Học liệu Lê Vũ Hùng, Trường Đại học Đồng Tháp
|